00794naa a2200205 i 45000010005000000030009000050050017000140080039000310150017000700400028000870800011001150800012001261000120001382450032002586500034002907730157003248560079004819420013005609990015005739871KOSZ 00520180411111006.0180308s1997 pl f f |000 0 pol aPB 1998/8454 aWA NcWA NdKOSZ 005/EG a657.05 a(075.8)1 aZALESKA, Beata.bPolitechnika Koszalińska - Instytut Ekonomii i Zarządzania,cZakład Rachunkowościd1996 - .10aKalkulacja /cBeata Zaleska 0aRachunkowość zarządcza.0 iW :tZbiór zadań do ćwiczeń z rachunkowości zarządczej / pod red. Emilii Fladrowskiej. -dKoszalin : Wydaw. Uczelniane PK, 1997. -gs. 18-23 uhttp://dlibra.tu.koszalin.pl/dlibra/docmetadata?id=613yBiblioteka Cyfrowa 2UKDcROZ c9871d9871